000 00451nam a2200181Ia 4500
005 20250923144343.0
008 008 250917s9999 xx 000 0 eng d
037 _aTextual
040 _aDSWL
_beng
_cDSWL
041 _aeng
_2eng
084 _qDSWL
100 _aWay, L
_9824013
245 0 _aAdler's place in psychology
_cby L Way
260 _aLondon
_c1950
300 _a334 p.
942 _cTEXL
999 _c1437817
_d1437817